000 01005cam a22001934a 4500
005 20250605163937.0
008 250528s ||||||||||||||||||||||||d
035 _a14901
020 _a335093272
040 _aGR-AtMCL
_bgre
_dGR-AtMCL
_eAACR2
245 1 _aTelevision and the Drama of Crime / Moral Tales and the Place of Crime in Public Life
260 _bOpen University Press,
_c1992
300 _a192
520 _aThe relations between watching ''cop shows'' and the extent and intensity of public fear and alarm about crime. Acknowledgements, Introduction, Crime and Television and Social Anxiety, Moral Tales and Social Theory, Entertaining the Crisis? Television and Moral Enterprise, Television and Dramatization and the Fear of Crime, A Piece of the Action: Approaches to Content in Television Crime Fiction, The Moral World of Television Crime Stories, A Long Goodbye, Notes, References, Index.
700 1 _aSparks Richard
_9695
942 _cBK
999 _c512
_d512